Every EFL League Two Goalscorer (2019/20) - Statistics

General Stats
  • This quiz has been taken 6 times
  • The average score is 30 of 352
Answer Stats
Answer % Correct
Harry Smith
83%
Jonny Smith
83%
Jonte Smith
83%
Nathan Smith
83%
Sam Smith
83%
Eoin Doyle
67%
Billy Clarke
50%
James Clarke
50%
Paul Mullin
50%
Alfie May
33%
Andy Cook
33%
Antoni Sarcevic
33%
Carlos Mendes Gomes
33%
Greg Taylor
33%
Jake Taylor
33%
James Jones
33%
James Vaughan
33%
Jermaine Anderson
33%
Jerry Yates
33%
Jordan Cook
33%
Joseph Mills
33%
Keshi Anderson
33%
Lois Maynard
33%
Nicky Maynard
33%
Paul Anderson
33%
Ryan Taylor
33%
Zak Mills
33%
Aaron Collins
17%
Aaron Martin
17%
Abo Eisa
17%
Adam Phillips
17%
Ahkeem Rose
17%
Andy Williams
17%
Anthony Glennon
17%
Aramide Oteh
17%
Archie Collins
17%
Ashley Hunter
17%
Ben Richards-Everton
17%
Ben Tozer
17%
Bez Lubala
17%
Byron Moore
17%
Byron Webster
17%
Charles Vernam
17%
Charlie Goode
17%
Chris Porter
17%
Clayton Donaldson
17%
Cole Stockton
17%
Conor Grant
17%
Conor Thomas
17%
Daniel Devine
17%
Danny Johnson
17%
Danny Mayor
17%
Danny Rose
17%
Elliott Whitehouse
17%
Elliot Watt
17%
Ethan Robson
17%
Fiacre Kelleher
17%
Frank Nouble
17%
George Cooper
17%
George Miller
17%
George Williams
17%
Harry Pritchard
17%
Hope Akpan
17%
Jake Hessenthaler
17%
Jake Jervis
17%
Jake Reeves
17%
James Brophy
17%
James Hanson
17%
James Wilson
17%
Jamille Matt
17%
Joe Edwards
17%
Joe Ironside
17%
Joel Grant
17%
Joe Riley
17%
Jordan Green
17%
Josh Grant
17%
Josh Payne
17%
Josh Wright
17%
Joss Labadie
17%
Kelvin Mellor
17%
Kevin Ellison
17%
Kevin van Veen
17%
Krystian Pearce
17%
Lee Martin
17%
Lee Novak
17%
Leon Legge
17%
Lewis Alessandra
17%
Ludvig Öhman
17%
Luke Hendrie
17%
Luke Jephcott
17%
Luke Prosser
17%
Luke Varney
17%
Marc Richards
17%
Mark Cullen
17%
Matt Green
17%
Matt Jay
17%
Max Wright
17%
Michael O'Connor
17%
Mohamed Maouche
17%
Moses Ogbu
17%
Nathan Thomas
17%
Niall Canavan
17%
Nicky Hunt
17%
Nicky Law
17%
Ollie Palmer
17%
Pádraig Amond
17%
Panutche Camará
17%
Paudie O'Connor
17%
Paul Green
17%
Perry Ng
17%
Pierce Sweeney
17%
Randell Williams
17%
Reuben Reid
17%
Richie Bennett
17%
Rob Hunt
17%
Rory McArdle
17%
Ryan Bowman
17%
Ryan Hardie
17%
Ryan Loft
17%
Ryan Sweeney
17%
Scot Bennett
17%
Scott Cuthbert
17%
Scott Pollock
17%
Scott Wilson
17%
Shaun Miller
17%
Shay McCartan
17%
Theo Robinson
17%
Tom Conlon
17%
Tom Pope
17%
Zak Rudden
17%
Aaron Hayden
0%
Aaron Wildig
0%
Adam Buxton
0%
Adam Rooney
0%
A-Jay Leitch-Smith
0%
Alex Addai
0%
Alex Fisher
0%
Alex Gilliead
0%
Alex Kenyon
0%
Alex MacDonald
0%
Alfie Bates
0%
Andrew Dallas
0%
Arthur Gnahoua
0%
Ashley Nadesan
0%
Ashley Nathaniel-George
0%
Ben Stephens
0%
Ben Stevenson
0%
Brad Garmston
0%
Brandon Comley
0%
Brandon Thomas-Asante
0%
Brennan Dickenson
0%
Callum Ainley
0%
Callum Harriott
0%
Callum McFadzean
0%
Callum Morton
0%
Cameron Burgess
0%
Caolan Lavery
0%
Carl Winchester
0%
Charlie Carter
0%
Charlie Kirk
0%
Charlie Lakin
0%
Charlie Raglan
0%
Chris Hussey
0%
Chris Lines
0%
Christie Elliott
0%
Christopher Missilou
0%
Chuma Anene
0%
CJ Hamilton
0%
Cohen Bramall
0%
Connor Kirby
0%
Conor Wilkinson
0%
Courtney Senior
0%
Dale Gorman
0%
Dan Happe
0%
Daniel Powell
0%
Dan Kemp
0%
Danny Guthrie
0%
Danny Lloyd
0%
Danny Newton
0%
Danny Rowe
0%
Danny Whitehead
0%
David Amoo
0%
David Wheater
0%
David Worrall
0%
Dean Moxey
0%
Désiré Segbé Azankpo
0%
Diallang Jaiyesimi
0%
Dom Telford
0%
Dylan Connolly
0%
Ebou Adams
0%
Eddie Nolan
0%
Elijah Adebayo
0%
Elliott Frear
0%
Elliott List
0%
Emmanuel Dieseruvwe
0%
Emmanuel Osadebe
0%
Emmanuel Sonupe
0%
Farrend Rawson
0%
Filipe Morais
0%
Gavin Reilly
0%
George Maris
0%
George Nurse
0%
George Taft
0%
Gevaro Nepomuceno
0%
Hallam Hope
0%
Harry Darling
0%
Harry McKirdy
0%
Harry Pell
0%
Harry Pickering
0%
Harvey Knibbs
0%
Ibou Touray
0%
Idris El Mizouni
0%
Jack Aitchison
0%
Jack Baldwin
0%
Jack Iredale
0%
Jack Roles
0%
Jacob Bedeau
0%
Jacob Blyth
0%
Jacob Greaves
0%
Jake Beesley
0%
Jake Cassidy
0%
Jake Doyle-Hayes
0%
Jak McCourt
0%
James Alabi
0%
James Dayton
0%
James Gibbons
0%
James Hardy
0%
James Perch
0%
Jamie Proctor
0%
Jamie Turley
0%
Jamie Ward
0%
Jason Cowley
0%
Jayden Richardson
0%
Jay Harris
0%
Jimmy Knowles
0%
Joe Widdowson
0%
Johan Branger-Engone
0%
John McAtee
0%
John O'Sullivan
0%
Jordan Lyden
0%
Jordan Maguire-Drew
0%
Jordan Tunnicliffe
0%
Jordan Turnbull
0%
Josh Benson
0%
Josh Coulson
0%
Josh Gordon
0%
Josh March
0%
Josh Sheehan
0%
Joshua Kayode
0%
Junior Mondal
0%
Kaiyne Woolery
0%
Kelland Watts
0%
Kellan Gordon
0%
Kgosi Ntlhe
0%
Kurtis Guthrie
0%
Kwame Poku
0%
Kyle Howkins
0%
Kyle Knoyle
0%
Lee Angol
0%
Lewis Young
0%
Liam O'Neil
0%
Liam Shephard
0%
Louis Dennis
0%
Luke Armstrong
0%
Luke Gambin
0%
Luke Hannant
0%
Luke Joyce
0%
Luke Norris
0%
Luke Waterfall
0%
Luther Wildin
0%
Mark O'Brien
0%
Mark Shelton
0%
Mason Bloomfield
0%
Mathew Stevens
0%
Mat Sadler
0%
Matt Harrold
0%
Matt Preston
0%
Matt Warburton
0%
Matty Lund
0%
Max Sheaf
0%
Michael Doughty
0%
Michael Nottingham
0%
Miles Welch-Hayes
0%
Mohamed Sylla
0%
Mohammed Ali Sagaf
0%
Nathan Ferguson
0%
Nick Anderton
0%
Nicky Adams
0%
Nicky Ajose
0%
Nigel Atangana
0%
Odin Bailey
0%
Oladapo Afolayan
0%
Oliver Finney
0%
Olufela Olomola
0%
Omari Patrick
0%
Omari Sterling-James
0%
Otis Khan
0%
Ousseynou Cissé
0%
Paul Lewis
0%
Rarmani Edmonds-Green
0%
Reece Grego-Cox
0%
Reggie Lambe
0%
Ricardo German
0%
Richie Towell
0%
Ritchie Sutton
0%
Rory Gaffney
0%
Rory Holden
0%
Ruel Sotiriou
0%
Ryan Broom
0%
Ryan Haynes
0%
Ryan Inniss
0%
Ryan Jackson
0%
Ryan Watson
0%
Ryan Wintle
0%
Sam Hoskins
0%
Sam Lavelle
0%
Scott Burgess
0%
Scott Wharton
0%
Scott Wootten
0%
Sean Long
0%
Sean Scannell
0%
Shaun Brisley
0%
Shaun McWilliams
0%
Shilow Tracey
0%
Stefan Scougall
0%
Stephen Walker
0%
Steven Old
0%
Stuart Sinclair
0%
Taylor Allen
0%
Theo Archibald
0%
Theo Vassell
0%
Tom Brewitt
0%
Tom Eastman
0%
Tom Elliott
0%
Tom Hamer
0%
Tom Lowery
0%
Tom Parkes
0%
Toumani Diagouraga
0%
Tristan Abrahams
0%
Tyreeq Bakinson
0%
Urko Vera
0%
Vadaine Oliver
0%
Wes McDonald
0%
Will Aimson
0%
Will Atkinson
0%
Will Boyle
0%
Willem Tomlinson
0%
Zak Dearnley
0%
Zeki Fryers
0%
Zeli Ismail
0%
No matching quizzes found
Score Distribution
Percent of People with Each Score
Percentile by Number Answered
Your Score History
You have not taken this quiz